000
00317nam a22001337a 4500
005
20240808184255.0
008
240808b |||||||| |||| 00| 0 eng d
040
_c
RTC
082
_a
808.02
100
_a
Royal Thimphu College
245
_a
LAN 101 Course Pack
300
_a
185 p.;
_c
29.5 Cm
942
_2
ddc
_c
CE TEXBOOK
999
_c
9962
_d
9963